Communication Past and Present / (Record no. 177932)

MARC details
000 -LEADER
fixed length control field 01326nam a2200349 ib4500
003 - CONTROL NUMBER IDENTIFIER
control field OSt
005 - DATE AND TIME OF LATEST TRANSACTION
control field 20200707145225.0
008 - FIXED-LENGTH DATA ELEMENTS--GENERAL INFORMATION
fixed length control field 200701t20192019mnuao j 001 0 eng d
020 ## - INTERNATIONAL STANDARD BOOK NUMBER
International Standard Book Number 9781541526877
Terms of availability RM63.23
Qualifying information paperback
040 ## - CATALOGING SOURCE
Original cataloging agency PPAK
Language of cataloging eng
Transcribing agency PPAK
Description conventions rda
082 04 - DEWEY DECIMAL CLASSIFICATION NUMBER
Edition number 23
Classification number 302.209
090 00 - LOCALLY ASSIGNED LC-TYPE CALL NUMBER (OCLC); LOCAL CALL NUMBER (RLIN)
Classification number (OCLC) (R) ; Classification number, CALL (RLIN) (NR) 302.209
Feature heading DIN
Feature heading K
100 1# - MAIN ENTRY--PERSONAL NAME
Personal name Dinmont, Kerry,
Dates associated with a name 1982-
Relator term author.
245 10 - TITLE STATEMENT
Title Communication Past and Present /
Statement of responsibility, etc. by Kerry Dinmont
264 #1 - PRODUCTION, PUBLICATION, DISTRIBUTION, MANUFACTURE, AND COPYRIGHT NOTICE
Place of production, publication, distribution, manufacture Minneapolis :
Name of producer, publisher, distributor, manufacturer Lerner Publications,
Date of production, publication, distribution, manufacture, or copyright notice [2019]
Date of production, publication, distribution, manufacture, or copyright notice ©2019
300 ## - PHYSICAL DESCRIPTION
Extent 24 pages :
Other physical details colour illustrations, colour photographs ;
Dimensions 23 x 23 cm
336 ## - CONTENT TYPE
Source rdacontent
Content type term text
337 ## - MEDIA TYPE
Source rdamedia
Media type term unmediated
338 ## - CARRIER TYPE
Source rdacarrier
Carrier type term volume
490 1# - SERIES STATEMENT
Series statement BUMBA BOOKS. PAST AND PRESENT
500 ## - GENERAL NOTE
General note Includes index
505 ## - FORMATTED CONTENTS NOTE
Title Communication through history --
-- The and now --
-- Picture glossary --
-- Read more --
-- Index.
520 ## - SUMMARY, ETC.
Summary, etc. From handwritten letters to typed text messages, this book compares and contrasts communication of the past to communication of the present.
650 10 - SUBJECT ADDED ENTRY--TOPICAL TERM
Topical term or geographic name entry element Communication
Form subdivision Juvenile literature
General subdivision History
Topical term or geographic name entry element Communication
Form subdivision Technological innovations
Topical term or geographic name entry element Communication
655 7# - INDEX TERM--GENRE/FORM
Genre/form data or focus term Instructional and educational works
Genre/form data or focus term History
830 #0 - SERIES ADDED ENTRY--UNIFORM TITLE
Uniform title Bumba books. Past and present
942 ## - ADDED ENTRY ELEMENTS (KOHA)
Source of classification or shelving scheme Dewey Decimal Classification
Koha item type Book
Holdings
Withdrawn Not for loan Current library Shelving location Date acquired Full call number Barcode Date last seen Koha item type
    Perpustakaan Alor Setar Pinjaman Kanak-kanak 05/08/2020 K 302.209 DIN A01645407 05/08/2020 Book